| 000 | 01718cam a2200253 4500 | ||
|---|---|---|---|
| 001 | ABS62595 | ||
| 008 | 000000n2000 000 0 eng u | ||
| 035 | _a(Sirsi) u107635 | ||
| 245 | _aFletcher Estates (Harlescott) Ltd and others v SoS for the Environment | ||
| 260 | _c2000 | ||
| 490 |
_aRating and Valuation Reporter _v[2000] 40(5) RVR 215-220(6) |
||
| 520 | _aHL 17 February 2000. Land proposed for an A49 bypass was first defined across the Fletcher and the Longmore land in 1970. Due to the proposed bypass, between 1963 and 1971 planning permission for residential development was denied six times. On 30 January 1986 SoS Environment gave notice of the proposed compulsory purchase orders. The landowners applied for certificates of appropriate alternative development under Land Compensation Act 1961 s17, which the planning authorities granted. Sos appealed. The Inspector concluded that there was no reasonable basis for considering residential and industrial development on any part of the Longmore land as at 30 January 1986. SoS accepted the Inspector's conclusions and decision to replace the certificates with negative ones under Land Compensation Act 1961 s17(4)(b). 'Held' appeal dismissed. | ||
| 590 | _aABS | ||
| 650 | _aFLETCHER ESTATES (HARLESCOTT) LTD V SOS ENVIRONMENT | ||
| 650 | _aLAND COMPENSATION ACT 1961 S17 | ||
| 650 | _aPLANNING AND COMPENSATION ACT 1991 | ||
| 650 | _aCERTIFICATES OF APPROPRIATE ALTERNATIVE DEVELOPMENT | ||
| 650 | _aCOMPENSATION | ||
| 650 | _aPLANNING PERMISSION | ||
| 650 | _aREFUSAL | ||
| 650 | _aRESIDENTIAL DEVELOPMENT | ||
| 690 | _aENVIRONMENTAL AND LAND CONSULTANCY-PLANNING AND DEVELOPMENT-COMPULSORY PURCHASE AND COMPENSATION | ||
| 942 | _n0 | ||
| 999 |
_c64313 _d64313 |
||